[Event "Reykjavik Open 2025"]
[Site "Reykjavik"]
[Date "2025.04.10"]
[Round "2.104"]
[White "Darvekar, Yash"]
[Black "Dembele, Marcel"]
[Result "1-0"]
[WhiteElo "2024"]
[WhiteFideId "2624150"]
[BlackElo "1837"]
[BlackFideId "45135657"]
[Variant "Standard"]
[StudyName "ROpen 2025 - Rd2 - Boards 45-108"]
1. e4 c5 2. Nf3 e6 3. d4 cxd4 4. Nxd4 Nf6 5. Nc3 d6 6. Nb3 Nc6 7. Be3 Be7 8. f4 O-O 9. Qf3 a6 10. O-O-O Qc7 11. g4 Nd7 12. g5 b5 13. h4 Bb7 14. h5 f5 15. gxf6 Bxf6 16. Bh3 Rfe8 17. h6 g6 18. Rhg1 Rac8 19. Rd2 Na5 20. Nd4 Nc5 21. f5 exf5 22. Bxf5 Qf7 23. Rf2 Nxe4 24. Bxe4 Rxc3 25. bxc3 Rxe4 26. Qxf6 Qxf6 27. Rxf6 Rxe3 28. Ne6 Rxe6 29. Rxe6 Nc4 30. Rf1 1-0

[Event "Reykjavik Open 2025"]
[Site "Reykjavik"]
[Date "2025.04.10"]
[Round "2.105"]
[White "Bech, Havard Eriksen"]
[Black "Muzik, Roman"]
[Result "1-0"]
[WhiteElo "2024"]
[WhiteFideId "1564684"]
[BlackElo "1832"]
[BlackFideId "357480"]
[Variant "Standard"]
[StudyName "ROpen 2025 - Rd2 - Boards 45-108"]
1. d4 Nf6 2. c4 e6 3. Nf3 Bb4+ 4. Bd2 Qe7 5. e3 Bxd2+ 6. Qxd2 Nc6 7. Nc3 d5 8. Bd3 dxc4 9. Bxc4 e5 10. Bb5 e4 11. Ne5 Bd7 12. Nxd7 Nxd7 13. d5 Nce5 14. Nxe4 O-O 15. O-O c6 16. dxc6 bxc6 17. Be2 Rab8 18. Rac1 Qb4 19. Nc3 Rfd8 20. Rfd1 h5 21. b3 Nf6 22. Qc2 Qh4 23. Qf5 Re8 24. Rd4 Neg4 25. h3 Re5 26. Qf3 Rbe8 27. hxg4 Nxg4 28. Qf4 g5 29. Qg3 Qxg3 30. fxg3 Nxe3 31. Bxh5 c5 32. Rd7 Rf5 33. Re1 g4 34. Bxg4 Rg5 35. Bf3 Rge5 36. Ne4 Rxe4 37. Bxe4 Rxe4 38. Rd3 1-0

[Event "Reykjavik Open 2025"]
[Site "Reykjavik"]
[Date "2025.04.10"]
[Round "2.106"]
[White "Geirsson, Kristjan"]
[Black "Schwarz, David"]
[Result "0-1"]
[WhiteElo "1830"]
[WhiteFideId "2313596"]
[BlackElo "2028"]
[BlackFideId "16287614"]
[Variant "Standard"]
[StudyName "ROpen 2025 - Rd2 - Boards 45-108"]
1. e4 c6 2. d4 d5 3. Nd2 dxe4 4. Nxe4 Nf6 5. Nxf6+ exf6 6. c3 Bd6 7. Nf3 O-O 8. Bd3 Re8+ 9. Be3 Bg4 10. h3 Bh5 11. O-O Nd7 12. Kh1 Qc7 13. Qc2 Bg6 14. Nh4 Bf4 15. Rae1 Rad8 16. Nxg6 hxg6 17. Qb3 Bd6 18. Bxg6 Nb6 19. Bd3 c5 20. Bb1 cxd4 21. Bxd4 Be5 22. Bxb6 axb6 23. Qc2 g6 24. Qe4 Kg7 25. Qg4 Qc5 26. Re2 Bc7 27. Rfe1 Qxf2 28. Be4 f5 29. Rf1 (29. Rxf2 fxg4 30. Ref1 Bg3 31. Re2 Re6 32. hxg4 Rde8 33. Bf3 Bd6 34. Rd2 Bf8 35. Rd4 Bc5) 0-1

[Event "Reykjavik Open 2025"]
[Site "Reykjavik"]
[Date "2025.04.10"]
[Round "2.107"]
[White "Subervi, Jonathan Sigfredo"]
[Black "Mize, Dylan"]
[Result "1/2-1/2"]
[WhiteElo "2020"]
[WhiteFideId "6400345"]
[BlackElo "1826"]
[BlackFideId "30932599"]
[Variant "Standard"]
[StudyName "ROpen 2025 - Rd2 - Boards 45-108"]
1. e4 c6 2. d4 d5 3. e5 Bf5 4. h4 h5 5. Bd3 Bxd3 6. Qxd3 e6 7. Bg5 Qd7 8. Nd2 c5 9. dxc5 Bxc5 10. Ngf3 Ne7 11. Nb3 Bb6 12. Bxe7 Qxe7 13. O-O Nc6 14. c3 g6 15. Nbd4 Nxd4 16. cxd4 O-O 17. Rac1 Rac8 18. Qd2 Kg7 19. Rxc8 Rxc8 20. Rc1 Qd7 21. Rxc8 Qxc8 22. b3 Bd8 23. g3 Qc7 24. Kg2 a5 25. Nh2 Qe7 26. a4 Bb6 27. Nf3 Bd8 28. Ne1 Qc7 29. Nd3 Be7 30. Kf1 Qb6 31. Qc3 Qa6 32. Kg2 Qb6 33. Nf4 Bb4 34. Qe3 1/2-1/2

[Event "Reykjavik Open 2025"]
[Site "Reykjavik"]
[Date "2025.04.10"]
[Round "2.108"]
[White "Harms, Reece"]
[Black "Muench, Robert"]
[Result "0-1"]
[WhiteElo "1825"]
[WhiteFideId "2647400"]
[BlackElo "2027"]
[BlackFideId "4626028"]
[Variant "Standard"]
[StudyName "ROpen 2025 - Rd2 - Boards 45-108"]
1. e4 c5 2. Nf3 d6 3. d4 cxd4 4. Nxd4 Nf6 5. Nc3 g6 6. Be3 Bg7 7. Qd2 Nc6 8. f3 Bd7 9. O-O-O a6 10. Nxc6 Bxc6 11. Bh6 Bxh6 12. Qxh6 Qa5 13. Bc4 b5 14. Bb3 b4 15. Ne2 Ba4 16. Nd4 Bxb3 17. Nxb3 Qxa2 18. e5 dxe5 19. Rhe1 Rc8 20. Rd3 Nd7 21. Qg7 Rf8 22. Rxd7 Kxd7 23. Qxe5 e6 24. Qd4+ Ke7 25. Qxb4+ Kf6 26. Qd4+ Ke7 27. Qb4+ Kf6 28. f4 Rfd8 29. Re5 Rb8 30. Qc3 Rxb3 31. Rf5+ Ke7 32. Qf6+ Kd7 33. Qxf7+ Kd6 34. Qf6 Qxb2+ 0-1

[Event "Reykjavik Open 2025"]
[Site "Reykjavik"]
[Date "2025.04.10"]
[Round "2.112"]
[White "Kiss, Inez"]
[Black "Pisan, Kai"]
[Result "1-0"]
[WhiteElo "1812"]
[WhiteFideId "17004306"]
[BlackElo "2020"]
[BlackFideId "39904881"]
[Variant "Standard"]
[StudyName "ROpen 2025 - Rd2 - Boards 109-172"]
1. e4 c5 2. c4 Nc6 3. Nc3 g6 4. g3 Bg7 5. Bg2 a6 6. Nge2 Rb8 7. a4 e5 8. d3 Nge7 9. O-O O-O 10. Be3 d6 11. Nd5 Nxd5 12. cxd5 Nb4 13. a5 Bd7 14. Nc3 f5 15. Qd2 b6 16. Bg5 Qc7 17. axb6 Qxb6 18. h4 f4 19. gxf4 h6 20. fxe5 hxg5 21. e6 Be8 22. hxg5 Bd4 23. Kh2 Kg7 24. f4 Rh8+ 25. Kg3 Bb5 26. Nxb5 Qxb5 27. Rf3 Rh5 28. f5 Be5+ 29. Kg4 Rbh8 30. f6+ Kf8 31. Rh3 Rxh3 32. Bxh3 a5 33. Ra3 Bd4 34. Kg3 c4 35. dxc4 Qxc4 36. Rxa5 Be5+ 37. Kf2 Bd4+ 38. Kg2 Kg8 39. Ra8+ Kh7 40. Rxh8+ Kxh8 41. e7 Qb5 42. f7 1-0

[Event "Reykjavik Open 2025"]
[Site "Reykjavik"]
[Date "2025.04.10"]
[Round "2.109"]
[White "Boissonnier, Kimo"]
[Black "Hellerud, Lauritz Nissen"]
[Result "1/2-1/2"]
[WhiteElo "2019"]
[WhiteFideId "611026"]
[BlackElo "1821"]
[BlackFideId "1570528"]
[Variant "Standard"]
[StudyName "ROpen 2025 - Rd2 - Boards 109-172"]
1. d4 Nf6 2. Nc3 d5 3. Bf4 g6 4. e3 Bg7 5. h4 h5 6. Nf3 Bg4 7. Qd2 Bxf3 8. gxf3 c5 9. dxc5 Nc6 10. Nb5 O-O 11. c3 a6 12. Nd4 Nd7 13. Nb3 e5 14. Bg3 Ne7 15. Bh3 Qc7 16. f4 e4 17. Bxd7 Qxd7 18. Nd4 Rac8 19. b4 Rfd8 20. Nb3 Nf5 21. Rc1 b5 22. Kd1 Bf6 23. Kc2 Qe7 24. Rcg1 Bxh4 25. Bxh4 Nxh4 26. Nd4 Kf8 27. Rg5 Nf3 28. Nxf3 exf3 29. Qd4 Qe4+ 30. Kb2 Qxd4 31. cxd4 a5 32. a4 Rb8 33. bxa5 bxa4+ 34. Ka3 Rb3+ 1/2-1/2

[Event "Reykjavik Open 2025"]
[Site "Reykjavik"]
[Date "2025.04.10"]
[Round "2.115"]
[White "Thorsteinsdottir, Hallgerdur"]
[Black "Hauksson, Helgi"]
[Result "1-0"]
[WhiteElo "2003"]
[WhiteTitle "WFM"]
[WhiteFideId "2302454"]
[BlackElo "1804"]
[BlackFideId "2305593"]
[Variant "Standard"]
[StudyName "ROpen 2025 - Rd2 - Boards 109-172"]
1. e4 c6 2. d4 d5 3. exd5 cxd5 4. Bd3 Nf6 5. h3 Nc6 6. c3 e6 7. Nf3 Be7 8. O-O O-O 9. Re1 a6 10. a4 Rb8 11. Ne5 Re8 12. Bg5 Nd7 13. Bxh7+ Kf8 14. Qh5 Ndxe5 15. Bxe7+ Nxe7 16. dxe5 b5 17. Bd3 bxa4 18. Qh8+ Ng8 19. Bh7 Ke7 20. Qxg7 Rxb2 21. Rxa4 Qb6 22. Rf4 Rf8 23. Bg6 1-0

[Event "Reykjavik Open 2025"]
[Site "Reykjavik"]
[Date "2025.04.10"]
[Round "2.110"]
[White "Dale, Svein"]
[Black "Alquist, Erik"]
[Result "0-1"]
[WhiteElo "1821"]
[WhiteFideId "1523120"]
[BlackElo "2024"]
[BlackFideId "1707701"]
[Variant "Standard"]
[StudyName "ROpen 2025 - Rd2 - Boards 109-172"]
1. e4 e5 2. Nf3 Nc6 3. c3 d5 4. Qa4 Bd7 5. exd5 Nd4 6. Qd1 Nxf3+ 7. gxf3 Nf6 8. c4 Bc5 9. Nc3 Qe7 10. d3 c6 11. Bg5 h6 12. Bxf6 Qxf6 13. a3 Bd4 14. Ne4 Qg6 15. dxc6 Bxc6 16. Qe2 f5 17. Ng3 O-O 18. O-O-O b5 19. Bh3 Rab8 20. Rd2 Qg5 21. f4 Qxf4 22. Rg1 Bf3 23. Nh5 Bxh5 24. Qxh5 bxc4 25. Kd1 Rxb2 26. Rxb2 Bxb2 27. Qe2 Qc1# 0-1

[Event "Reykjavik Open 2025"]
[Site "Reykjavik"]
[Date "2025.04.10"]
[Round "2.111"]
[White "Stranger, Morris"]
[Black "Gudmundsson, Steinn"]
[Result "1-0"]
[WhiteElo "2018"]
[WhiteFideId "426342"]
[BlackElo "1816"]
[BlackFideId "2329808"]
[Variant "Standard"]
[StudyName "ROpen 2025 - Rd2 - Boards 109-172"]
1. d4 c5 2. d5 e6 3. Nc3 Nf6 4. e4 a6 5. a4 exd5 6. exd5 d6 7. Nf3 g6 8. Be2 Bg7 9. O-O O-O 10. Bf4 Nh5 11. Bg5 Qb6 12. Ra2 h6 13. Bc1 Nd7 14. Nd2 Nf4 15. Nc4 Nxe2+ 16. Qxe2 Qc7 17. Qe7 b6 18. Qxd6 Qb7 19. Bf4 Re8 20. Qc6 Bxc3 21. Nd6 Qb8 22. bxc3 Re2 23. Bg3 Nf8 24. Nxf7 Qa7 25. Ne5 Bf5 26. d6 Rc8 27. Qf3 Rd2 28. Nc6 Qf7 29. Ne7+ Kh7 30. Nxc8 Qxa2 31. Qb7+ Nd7 32. h4 Qd5 33. Qxd5 Rxd5 34. Ne7 Rd2 35. Nxf5 gxf5 36. Re1 Nf6 37. Re7+ Kg6 38. f3 Nd5 39. Re8 Rd1+ 40. Re1 Rxe1+ 41. Bxe1 Kf7 42. Bd2 h5 43. g4 fxg4 44. fxg4 hxg4 45. h5 Nf6 46. Bg5 Nd7 47. c4 Ke6 48. h6 Nf8 49. Be7 Nh7 50. Kg2 Kd7 51. Kg3 b5 52. cxb5 1-0

[Event "Reykjavik Open 2025"]
[Site "Reykjavik"]
[Date "2025.04.10"]
[Round "2.113"]
[White "Levin, Anthony"]
[Black "Agustsson, Egill Steinar"]
[Result "1-0"]
[WhiteElo "2016"]
[WhiteFideId "30940680"]
[BlackElo "1811"]
[BlackFideId "2308118"]
[Variant "Standard"]
[StudyName "ROpen 2025 - Rd2 - Boards 109-172"]
1. e4 e6 2. d4 d5 3. Nc3 Bb4 4. e5 c5 5. a3 cxd4 6. axb4 dxc3 7. bxc3 Nc6 8. Nf3 Qc7 9. Bb5 Bd7 10. Bxc6 bxc6 11. Be3 Ne7 12. Bc5 Bc8 13. O-O O-O 14. Ra5 a6 15. Re1 Re8 16. Nd4 Nf5 17. Nb3 Rb8 18. g4 Ne7 19. Bd6 Qb6 20. Bxb8 Qxb8 21. Nc5 Ng6 22. Qd4 f6 23. Nd3 Rf8 24. h3 fxe5 25. Rxe5 Nh4 26. Ne1 Rf3 27. Re3 Rf4 28. Qe5 Qxe5 29. Rxe5 Nf3+ 30. Nxf3 Rxf3 31. Re3 Rf4 32. Rc5 Bb7 33. Rxe6 Kf7 34. Re5 g6 35. Kg2 Rf6 36. Kg3 Rd6 37. Re3 Rd7 38. Kf4 h6 39. Ke5 Kg7 40. Ke6 Rf7 41. Kd6 Kf6 42. Rf3+ Kg7 43. Rxf7+ Kxf7 44. Kc7 1-0

[Event "Reykjavik Open 2025"]
[Site "Reykjavik"]
[Date "2025.04.10"]
[Round "2.114"]
[White "Tripathi, Pratyush"]
[Black "Martin, Alix"]
[Result "0-1"]
[WhiteElo "2011"]
[WhiteFideId "1763121"]
[BlackElo "1807"]
[BlackFideId "45184186"]
[Variant "Standard"]
[StudyName "ROpen 2025 - Rd2 - Boards 109-172"]
1. Nf3 d5 2. d4 Nf6 3. c4 c6 4. e3 e6 5. Nbd2 Be7 6. Bd3 Nbd7 7. O-O O-O 8. b3 dxc4 9. Nxc4 c5 10. Re1 cxd4 11. Nxd4 Bb4 12. Bd2 Bxd2 13. Qxd2 e5 14. Nb5 a6 15. Nbd6 b5 16. Na5 Qb6 17. Rac1 Nc5 18. b4 Nxd3 19. Qxd3 Be6 20. Ne4 Bf5 21. Nxf6+ Qxf6 22. e4 Be6 23. a3 Rfd8 24. Qe3 Rac8 25. Nb7 Rd4 26. Nc5 Bc4 27. Nb3 Rdd8 28. Na5 Ba2 29. Qe2 Be6 30. Qe3 Ba2 31. Rxc8 Rxc8 32. Rc1 Rd8 33. Nc6 Qxc6 34. f3 Bc4 35. Qg5 Qb6+ 36. Kh1 f6 37. Qg3 Qd6 38. h3 Qd2 39. Ra1 Qb2 40. Qe1 Qe2 41. Qg1 Bb3 42. Qb6 Rd1+ 43. Rxd1 Qxd1+ 44. Kh2 h6 45. Qxa6 Qd7 46. Qa8+ Kh7 47. Qb8 Bc4 48. h4 h5 49. Qa8 f5 50. exf5 Qxf5 51. Qe8 Bd3 52. a4 bxa4 53. Qxa4 Qf4+ 54. Kg1 Qd4+ 55. Kh2 Qxh4+ 56. Kg1 e4 57. fxe4 Bxe4 58. Qb3 Qe1+ 59. Kh2 Qe2 60. Qg3 Qg4 61. Qf2 h4 62. b5 Qg3+ 63. Qxg3 hxg3+ 64. Kxg3 Kg6 65. b6 Kf5 66. Kh3 Ke6 67. g3 Kd6 68. Kg4 Kc6 69. Kf4 Bc2 70. Ke5 Kxb6 71. Ke6 Kc6 72. Kf7 g6 0-1

[Event "Reykjavik Open 2025"]
[Site "Reykjavik"]
[Date "2025.04.10"]
[Round "2.116"]
[White "Kristinsson, Ogmundur"]
[Black "Osorio Ferrer, Roberto Eduardo"]
[Result "1/2-1/2"]
[WhiteElo "2000"]
[WhiteFideId "2304724"]
[BlackElo "1803"]
[BlackFideId "3964612"]
[Variant "Standard"]
[StudyName "ROpen 2025 - Rd2 - Boards 109-172"]
1. c4 e5 2. Nc3 Nf6 3. g3 d5 4. cxd5 Nxd5 5. Bg2 Be6 6. Nf3 Nc6 7. O-O Bc5 8. a3 a5 9. Qc2 Ba7 10. b3 O-O 11. Bb2 Nf6 12. Nb5 Nd4 13. Nfxd4 Bxd4 14. Bxd4 exd4 15. Bxb7 Rb8 16. Bc6 Rb6 17. a4 Bxb3 18. Qxb3 Rxc6 19. Rac1 Rb6 20. Qd3 Qd7 21. Rxc7 Qh3 22. Qf3 d3 23. exd3 Ng4 24. Qg2 Qh6 25. h3 Ne5 26. Qd5 Qxh3 27. Qg2 Qh5 28. f4 Nxd3 29. Qf3 Qxf3 30. Rxf3 Nb2 31. Nc3 h5 32. Rc5 Rd8 33. Ne4 Rb4 34. Re3 Rxa4 35. Rxh5 Ra1+ 36. Kg2 Nc4 37. Re2 a4 38. Rc5 Nb2 39. Ra5 a3 40. Ra7 f6 41. Nc3 Kh7 42. Ree7 Rg8 43. f5 Nd3 44. Nd5 Kh6 45. Re3 Ne1+ 46. Kf2 Nc2 47. Rc3 Rd8 48. Rc5 Ra2 49. Ra4 Rb2 50. Kf3 Rxd5 51. Rxd5 a2 52. Rh4+ Kg5 53. Rg4+ Kh5 54. Rh4+ Kg5 1/2-1/2

[Event "Reykjavik Open 2025"]
[Site "Reykjavik"]
[Date "2025.04.10"]
[Round "2.117"]
[White "Mlynek, Maksymilian"]
[Black "Gudmundsson, Gunnar Erik"]
[Result "0-1"]
[WhiteElo "1798"]
[WhiteFideId "21013942"]
[BlackElo "2018"]
[BlackFideId "2314339"]
[Variant "Standard"]
[StudyName "ROpen 2025 - Rd2 - Boards 109-172"]
1. d4 Nf6 2. Nc3 d5 3. Bf4 c5 4. e3 cxd4 5. exd4 a6 6. Nf3 Nc6 7. h3 Bf5 8. Nh4 Bg6 9. Nxg6 hxg6 10. Ne2 e6 11. c3 b5 12. Nc1 Qb6 13. Bd3 Be7 14. O-O O-O 15. Be2 b4 16. Nd3 bxc3 17. bxc3 Rfc8 18. Bd2 Na5 19. Rb1 Qc7 20. Rc1 Nc4 21. Bf4 Qa5 22. Qb3 Ne4 23. Rfe1 g5 24. Qb7 Ba3 25. Be5 Bxc1 26. Rxc1 Nxe5 27. Nxe5 Nd6 28. Qe7 Qd8 29. Qxd8+ Rxd8 30. Nc6 Rd7 31. Rb1 Rc7 32. Nb8 a5 33. Na6 Rxc3 34. Nc5 Rc2 35. Bh5 g6 36. Bg4 Nf5 37. Rb7 Nxd4 38. Nd7 Rac8 39. Ne5 R8c7 0-1

[Event "Reykjavik Open 2025"]
[Site "Reykjavik"]
[Date "2025.04.10"]
[Round "2.118"]
[White "Grigoriev, Dmitriy"]
[Black "Gilbert, Alistair"]
[Result "1-0"]
[WhiteElo "1997"]
[WhiteFideId "34181676"]
[BlackElo "1797"]
[BlackFideId "343419160"]
[Variant "Standard"]
[StudyName "ROpen 2025 - Rd2 - Boards 109-172"]
1. e4 c6 2. d4 d5 3. e5 Bf5 4. g4 Be4 5. f3 Bg6 6. e6 Qd6 7. exf7+ Bxf7 8. f4 h5 9. g5 e6 10. Nf3 Nd7 11. Ne5 Nxe5 12. fxe5 Qd7 13. Bd3 Ne7 14. O-O Bg6 15. Bxg6+ Nxg6 16. Nc3 Ne7 17. Ne2 g6 18. Rf6 Bg7 19. Nf4 Bxf6 20. exf6 Rg8 21. fxe7 Qxe7 22. Nd3 O-O-O 23. Qe2 b6 24. Bd2 Rdf8 25. Re1 Re8 26. h4 Qg7 27. Ne5 Kb7 28. Bb4 Qc7 29. Rf1 Rg7 30. Qe3 Rc8 31. Bf8 Rh7 32. Nxg6 c5 33. dxc5 bxc5 34. Ne5 Qa5 35. g6 Rh8 36. g7 Rg8 37. Kh1 Rc7 38. Rf7 Qa6 39. Rxc7+ Kxc7 40. Qxc5+ 1-0

[Event "Reykjavik Open 2025"]
[Site "Reykjavik"]
[Date "2025.04.10"]
[Round "2.120"]
[White "Skettos, Nicolas"]
[Black "Koperski, Dustin"]
[Result "0-1"]
[WhiteElo "1983"]
[WhiteFideId "5900670"]
[BlackElo "1793"]
[BlackFideId "2620634"]
[Variant "Standard"]
[StudyName "ROpen 2025 - Rd2 - Boards 109-172"]
1. e4 c5 2. Nf3 g6 3. c3 Bg7 4. d4 cxd4 5. cxd4 d5 6. e5 Bg4 7. Bb5+ Bd7 8. Be2 Bg4 9. O-O e6 10. Nc3 Ne7 11. b3 O-O 12. Ba3 Re8 13. Nb5 Nf5 14. Bd3 Bxf3 15. Qxf3 a6 16. Nd6 Nxd6 17. Bxd6 Nc6 18. Qe3 Nxd4 19. Rac1 Nc6 20. b4 Bf8 21. Bxf8 Rxf8 22. a3 Rc8 23. Rfe1 Kg7 24. g3 Qe7 25. Qb6 Qc7 26. Qe3 Qxe5 27. Qxe5+ Nxe5 28. Be2 Nc4 29. a4 Nd6 30. b5 axb5 31. axb5 Rxc1 32. Rxc1 Rc8 33. Ra1 Rc5 34. Kg2 b6 35. Ra6 Nxb5 36. Rxb6 Nd4 37. Bd1 Rc7 38. h4 h5 39. Rb4 Nf5 40. Bb3 Kf6 41. Rb6 Ke5 42. Rb8 Nd6 43. Rd8 Ne4 44. Ba4 Ra7 45. Bb3 Rb7 46. Ba4 Rb2 47. Rf8 Rxf2+ 48. Kg1 Ra2 49. Bd7 Nd6 0-1

[Event "Reykjavik Open 2025"]
[Site "Reykjavik"]
[Date "2025.04.10"]
[Round "2.121"]
[White "Vedant, Nayudu"]
[Black "Pererva, Viktor"]
[Result "0-1"]
[WhiteElo "1789"]
[WhiteFideId "33369780"]
[BlackElo "2017"]
[BlackFideId "24696463"]
[Variant "Standard"]
[StudyName "ROpen 2025 - Rd2 - Boards 109-172"]
1. e4 c5 2. c3 d5 3. exd5 Qxd5 4. d4 g6 5. Be3 cxd4 6. cxd4 Bg7 7. Nc3 Qa5 8. Bc4 Nh6 9. Ne2 O-O 10. h4 Nf5 11. h5 Nxe3 12. fxe3 gxh5 13. Nf4 Bg4 14. Be2 Qg5 15. Bxg4 Qxg4 16. Qxg4 hxg4 17. Rh4 Nc6 18. Rxg4 Kh8 19. Nd3 Rad8 20. Ke2 e5 21. Nxe5 Nxe5 22. dxe5 Bxe5 23. Rh1 Rg8 24. Rxg8+ Rxg8 25. Kf3 Rc8 26. Ke2 Bxc3 27. bxc3 Rxc3 28. Rb1 b6 29. Rb2 Kg7 30. Kf3 Kf6 31. Rd2 Ke6 32. g3 b5 33. Kf4 f6 34. g4 a5 35. Rh2 Ra3 36. Rb2 b4 37. Rd2 Rc3 38. Rh2 Ra3 39. Rd2 b3 40. axb3 Rxb3 41. Rh2 Rb7 42. e4 a4 43. Ra2 Ra7 44. Ra3 Ra5 45. e5 fxe5+ 46. Ke4 Kf6 47. Ra1 a3 48. Ra2 Kg5 49. Kf3 Ra4 0-1

[Event "Reykjavik Open 2025"]
[Site "Reykjavik"]
[Date "2025.04.10"]
[Round "2.122"]
[White "Bathula, Abhinav Reddy"]
[Black "Helgadottir, Idunn"]
[Result "1-0"]
[WhiteElo "1979"]
[WhiteFideId "35005693"]
[BlackElo "1788"]
[BlackFideId "2314118"]
[Variant "Standard"]
[StudyName "ROpen 2025 - Rd2 - Boards 109-172"]
1. e4 c5 2. Nf3 e6 3. d4 cxd4 4. Nxd4 Nc6 5. Nc3 a6 6. Be3 Qc7 7. Qf3 b5 8. a3 Bb7 9. Nxc6 Qxc6 10. Bd3 Nf6 11. Bd4 Be7 12. g4 d5 13. exd5 exd5 14. O-O-O O-O 15. Rhe1 Rfe8 16. Kb1 Rac8 17. g5 Nd7 18. Bxh7+ Kxh7 19. Qxf7 Qg6 20. Rxe7 Rxe7 21. Qxe7 Bc6 22. Re1 Nf8 23. Qe3 Bd7 24. Qd2 Bf5 25. Re5 Ne6 26. Ka2 Nxg5 27. Qf4 Rf8 28. Nxd5 Ne6 29. Qh4+ Kg8 30. Ne7+ 1-0

[Event "Reykjavik Open 2025"]
[Site "Reykjavik"]
[Date "2025.04.10"]
[Round "2.123"]
[White "Buijs, Gerard"]
[Black "Bleuzen, Cedric"]
[Result "0-1"]
[WhiteElo "1774"]
[WhiteFideId "40111229"]
[BlackElo "2003"]
[BlackFideId "632368"]
[Variant "Standard"]
[StudyName "ROpen 2025 - Rd2 - Boards 109-172"]
1. e4 e5 2. Nf3 Nf6 3. d4 Nxe4 4. Nxe5 d6 5. Nf3 d5 6. Bd3 Bd6 7. Nbd2 Nxd2 8. Bxd2 Qe7+ 9. Qe2 Qxe2+ 10. Bxe2 Bf5 11. O-O-O Nd7 12. h3 f6 13. Rhe1 O-O-O 14. Nh4 Be6 15. Bb5 Rde8 16. Re2 g6 17. Rde1 Bf7 18. g3 c6 19. Bd3 Rxe2 20. Rxe2 Nf8 21. Ng2 Ne6 22. c3 Re8 23. f4 Ng7 24. g4 Kd7 25. Kd1 Rh8 26. h4 Be6 27. f5 gxf5 28. Bh6 Rg8 29. Bxg7 Rxg7 30. Bxf5 Bxf5 31. gxf5 Rg4 32. Ne3 Rxh4 33. Rg2 Bf8 34. Ke2 Ke7 35. Kf2 Kf7 36. Ng4 h5 37. Nh2 Rf4+ 38. Nf3 Rxf5 39. Rh2 Bd6 40. Rh3 Bf4 41. Kg2 a5 42. b3 Bc1 43. Rg3 b5 44. Kh3 Rf4 45. Ne1 Rf1 46. Nd3 Bf4 47. Nxf4 Rxf4 48. Rg2 Rf3+ 49. Rg3 Rxg3+ 50. Kxg3 f5 0-1

[Event "Reykjavik Open 2025"]
[Site "Reykjavik"]
[Date "2025.04.10"]
[Round "2.124"]
[White "Seum, Ferdinand"]
[Black "Bozilov, Dragan"]
[Result "0-1"]
[WhiteElo "1772"]
[WhiteFideId "34624350"]
[BlackElo "1981"]
[BlackFideId "906620"]
[Variant "Standard"]
[StudyName "ROpen 2025 - Rd2 - Boards 109-172"]
1. c4 Nf6 2. Nc3 e6 3. e4 d5 4. cxd5 exd5 5. e5 Ne4 6. d4 Bb4 7. Qa4+ Nc6 8. Bb5 O-O 9. Ne2 Nxd4 10. Nxd4 c5 11. Qb3 Qa5 12. O-O cxd4 13. Nxd5 Qxb5 14. Nxb4 Be6 15. Qf3 Nxf2 16. a3 Ng4 17. Bf4 Nxe5 18. Bxe5 Qxe5 19. Qxb7 a5 20. Rae1 Qg5 21. Nc6 Rab8 22. Re5 Qxe5 23. Nxb8 Rxb8 24. Qa7 h6 0-1

[Event "Reykjavik Open 2025"]
[Site "Reykjavik"]
[Date "2025.04.10"]
[Round "2.125"]
[White "Donath, Simon"]
[Black "Heidarsson, Mikael Bjarki"]
[Result "0-1"]
[WhiteElo "1761"]
[WhiteFideId "34618180"]
[BlackElo "1973"]
[BlackFideId "2317532"]
[Variant "Standard"]
[StudyName "ROpen 2025 - Rd2 - Boards 109-172"]
1. e4 e6 2. d4 d5 3. Nd2 Nf6 4. e5 Nfd7 5. Bd3 c5 6. c3 Nc6 7. Ndf3 cxd4 8. cxd4 f6 9. exf6 Nxf6 10. Ne2 Bd6 11. O-O Qc7 12. Bg5 O-O 13. Bh4 Nh5 14. Bg3 Nxg3 15. Nxg3 Bd7 16. Ng5 h6 17. Bh7+ Kh8 18. Bg6 Bf4 19. Nf3 Be8 20. Bxe8 Raxe8 21. Nh4 Qf7 22. Qd3 Ne7 23. Rae1 Bd6 24. Re2 Qf6 25. Nf3 Nc6 26. a3 Bc7 27. Rc2 Bb6 28. Ne2 e5 29. Rxc6 bxc6 30. Nxe5 Rxe5 31. dxe5 Bxf2+ 32. Kh1 Qxe5 33. Nd4 Rf6 34. Nxc6 Rxc6 35. Rxf2 Rc1+ 36. Rf1 Qxb2 37. Kg1 Qb6+ 38. Kh1 Qc5 39. h4 Rxf1+ 40. Qxf1 Qxa3 41. Qf7 Qa1+ 42. Kh2 Qe5+ 43. Kh3 a5 44. Qb7 Kh7 45. Qb5 Qc3+ 46. g3 Qc8+ 47. Kh2 Qc2+ 48. Kh3 Qc8+ 49. Kh2 Qd8 50. Qd3+ Kh8 51. Qd4 Qd7 52. h5 Qf5 53. g4 Qe4 54. Qd1 a4 55. Kh3 a3 56. Qb3 d4 57. Qxa3 d3 58. Qc3 Qf3+ 59. Kh4 Qf6+ 0-1

[Event "Reykjavik Open 2025"]
[Site "Reykjavik"]
[Date "2025.04.10"]
[Round "2.126"]
[White "Zhang, Ruijia"]
[Black "Chompas, Vasileios"]
[Result "1/2-1/2"]
[WhiteElo "1973"]
[WhiteFideId "8645264"]
[BlackElo "1711"]
[BlackFideId "42142377"]
[Variant "Standard"]
[StudyName "ROpen 2025 - Rd2 - Boards 109-172"]
1. e4 e5 2. Nf3 Nc6 3. d4 exd4 4. Bc4 Nf6 5. O-O Nxe4 6. Re1 d5 7. Bxd5 Qxd5 8. Nc3 Qd7 9. Rxe4+ Be7 10. Nxd4 Nxd4 11. Rxd4 Qc6 12. Bf4 Be6 13. Nd5 Bxd5 14. Rxd5 O-O 15. c3 Rad8 16. Rxd8 Rxd8 17. Qe2 Bd6 18. Be3 Bc5 19. Re1 Bxe3 20. Qxe3 Qe6 21. Kf1 Qc4+ 22. Qe2 Qxe2+ 23. Kxe2 f6 24. Rd1 Rxd1 25. Kxd1 Kf7 26. Ke2 Ke6 27. Ke3 Ke5 28. f4+ Kf5 29. Kf3 h5 30. g3 g5 31. h3 g4+ 32. hxg4+ hxg4+ 33. Ke3 c5 34. b4 cxb4 35. cxb4 Ke6 36. Kd4 Kd6 37. f5 b5 38. Ke4 Kc6 39. Kf4 Kd5 40. Kxg4 Ke4 1/2-1/2